Upanishaths in story and dialogue / (Record no. 1626)
[ view plain ]
| 000 -LEADER | |
|---|---|
| fixed length control field | 00418cam a2200169ua 4500 |
| 041 ## - LANGUAGE CODE | |
| Language code of text/sound track or separate title | eng |
| 082 ## - DEWEY DECIMAL CLASSIFICATION NUMBER | |
| Classification number | 294.59218 |
| Item number | DIW/UP |
| 100 ## - MAIN ENTRY--AUTHOR NAME | |
| Personal name | Diwakar, R.R . |
| 245 ## - TITLE STATEMENT | |
| Title | Upanishaths in story and dialogue / |
| 260 ## - PUBLICATION, DISTRIBUTION, ETC. (IMPRINT) | |
| Place of publication | : |
| Name of publisher | Bhavan`s book university , |
| Year of publication | 1961. |
| 300 ## - PHYSICAL DESCRIPTION | |
| Number of Pages | 140 ; . |
| 942 ## - ADDED ENTRY ELEMENTS (KOHA) | |
| Koha item type | Books |
| Withdrawn status | Lost status | Damaged status | Home library | Current library | Date acquired | Full call number | Accession Number | Koha item type | Public note |
|---|---|---|---|---|---|---|---|---|---|
| Withdrawn | KAUAET | KAUAET | 07/04/2012 | 294.59218 | 3378 | Books | Deleted |
